| 000 | 00816nam a2200289 a 4500 | ||
|---|---|---|---|
| 003 | AR-BaBNM | ||
| 005 | 20251128205215.0 | ||
| 008 | 082120s2002 ||||||||||||||000 | spa|| | ||
| 020 | _a84-249-0326-0 | ||
| 040 | _cAR-BaBNM | ||
| 100 | 1 | _aAlayón, Norberto | |
| 245 | 0 | 0 |
_aAssistência e assistencialismo _bcontrole dos pobres ou erradicaçao da pobreza ? |
| 250 | _a2ª ed. | ||
| 260 |
_aSao Paulo _bCortez _c1995 |
||
| 300 | _a150 p. | ||
| 504 | _aContiene bibliografía al final de cada capítulo | ||
| 650 | 4 | _aTRABAJO SOCIAL | |
| 650 | 4 | _aTRABAJADORES SOCIALES | |
| 650 | 4 | _aPOLITICA SOCIAL | |
| 650 | 4 | _aPOLITICA GUBERNAMENTAL | |
| 650 | 4 | _aPOBREZA | |
| 650 | 4 | _aPOBRES | |
| 650 | 4 | _aSERVICIOS SOCIALES | |
| 700 | 1 |
_aVillalobos de Netto, Balkys _etraductor |
|
| 942 | _cBK | ||
| 998 | _csilvi | ||
| 999 |
_c10453 _d10453 |
||